What You Know Bout Love - Pop Smoke (Full lyrics) - Statistics

General Stats
  • This quiz has been taken 11 times
  • The average score is 255 of 365
Answer Stats
Lyrics % Correct
a
100%
about
100%
And
100%
and
100%
'bout
100%
go
100%
got
100%
I
100%
in
100%
it
100%
know
100%
love
100%
love?"
100%
need
100%
the
100%
to
100%
We
100%
"What
100%
what
100%
yo'
100%
you,
100%
you
100%
You
100%
be
88%
get
88%
me
88%
store
88%
breakfast
75%
every
75%
It's
75%
it's
75%
just
75%
like
75%
make
75%
morning
75%
on,
75%
on
75%
said,
75%
said
75%
Shawty
75%
shawty
75%
she
75%
She
75%
so
75%
So
75%
up
75%
Walk
75%
want
75%
when
75%
All
63%
all
63%
almost
63%
baby
63%
baby,
63%
before
63%
door
63%
is
63%
leave
63%
nigga
63%
no
63%
please
63%
see
63%
told
63%
ain't
50%
Camry,
50%
'Cause
50%
'cause
50%
comin'
50%
could
50%
curly,
50%
drivin'
50%
for
50%
girl,
50%
girl
50%
hair
50%
her
50%
I'm
50%
joggin'
50%
my
50%
naked
50%
of
50%
off
50%
out,
50%
over
50%
pic
50%
pics
50%
pullin'
50%
Rover
50%
take
50%
tell
50%
wakin'
50%
weekend
50%
With
50%
yawnin'
50%
your
50%
always
38%
at
38%
beatin'
38%
but
38%
can't
38%
chills
38%
don't
38%
drawers
38%
Fashion
38%
fast
38%
fat
38%
feel
38%
Fendi
38%
gettin'
38%
heart
38%
Look,
38%
lookin'
38%
Niggas
38%
Nova
38%
once,
38%
only
38%
pants
38%
pronounce
38%
that
38%
them
38%
think
38%
this
38%
through
38%
Through
38%
time
38%
top
38%
top,
38%
touch
38%
trust
38%
us
38%
words
38%
afraid
25%
ass
25%
batter,
25%
batter
25%
best
25%
breasts
25%
butt,
25%
fact,
25%
fallin'
25%
fifty-
25%
five
25%
front
25%
goin'
25%
gon'
25%
had
25%
heights
25%
here's
25%
Hey
25%
hey
25%
hunnid,
25%
kissin'
25%
left
25%
neck
25%
never
25%
print
25%
raw
25%
right,
25%
rubbin'
25%
Start
25%
start
25%
straight
25%
tights
25%
trials
25%
tribulations,
25%
twice
25%
apply
13%
hidden
13%
hope
13%
keep
13%
play
13%
pressure,
13%
swing,
13%
treasure
13%
No matching quizzes found
Score Distribution
Percent of People with Each Score
Percentile by Number Answered
Your Score History
You have not taken this quiz